000 00303nam a2200133Ia 4500
005 20251222152619.0
008 251222s9999||||xx |||||||||||||| ||spa||
082 _a370/G51/Ej.2
100 _aGiussani, Luigi
245 0 _aEducar es un riesgo
250 _a2a.ed.
264 _bEncuentro
942 _cLIB
999 _c27287
_d27287